| 000 | 01076nam a2200301 i 4500 | ||
|---|---|---|---|
| 001 | 000024662 | ||
| 003 | DO-SdBNP | ||
| 005 | 20260526114454.0 | ||
| 007 | ta | ||
| 008 | 110202s2010 dr c 000 0 spa d | ||
| 020 | _a9789945468038 | ||
| 040 |
_aDO-SdBNP _bspa _cBNPHU _erda |
||
| 041 | _aspa | ||
| 082 | 4 |
_axxx _bK19c _222 |
|
| 100 | 1 |
_aKasse Acta, Rafael, _d1927- _eautor _950578 _4aut. |
|
| 245 | 1 | 0 |
_aConflictos : _bárabes-israelíes / _cRafael Kasse Acta ; prólogo César Pina Toribio ; introducción Alejandro Herrera. |
| 250 | _aPrimera edición | ||
| 264 |
_aSanto Domingo : _bAlfa y Omega, _c2010. |
||
| 300 |
_a315 páginas : _bilustraciones, retratos ; _c23 cm. |
||
| 336 |
_atexto _btxt _2rdacontent |
||
| 337 |
_asin mediación _bn _2rdamedia |
||
| 338 |
_avolumen _bnc _2rdacarrier |
||
| 500 | _aIncluye datos biográficos del autor en la solapa de la cubierta. | ||
| 590 | _aInventariado, 2026 /LP | ||
| 700 | 1 |
_aPina Toribio, César, _eprologuista _916867 _4pr. |
|
| 700 | 1 |
_aHerrera, Alejandro, _eintroducción _950579 _4introd. |
|
| 942 |
_2ddc _cLBS1 |
||
| 999 |
_c24155 _d24155 |
||